[Event "Portoroz op 14th"]
[Site "Portoroz"]
[Date "2023.07.21"]
[Round "8"]
[White "Ivic, Matija"]
[Black "Blagojevic, Dragisa"]
[Result "0-1"]
[WhiteElo "2148"]
[BlackElo "2464"]
[PlyCount "90"]
[EventDate "2023.07.15"]
[EventType "swiss"]
[EventRounds "9"]
[EventCountry "SLO"]
[SourceTitle "CBM 215 Extra"]
[Source "ChessBase"]
[SourceDate "2023.09.30"]
[SourceVersion "1"]
[SourceVersionDate "2023.09.30"]
[SourceQuality "1"]

1. c4 e6 2. Nf3 d5 3. d4 Nf6 4. g3 dxc4 5. Qa4+ Nbd7 6. Bg2 a6 7. Nc3 Rb8 8. Qxc4 b5 9. Qd3 Bb7 10. Bf4 Bd6 11. 0-0 Bxf4 12. gxf4 c5 13. dxc5 Nxc5 14. Qxd8+ Rxd8 15. b4 Ncd7 16. a4 bxa4 17. e3 0-0 18. Nd4 Rb8 19. Bxb7 Rxb7 20. Rxa4 Rc8 21. Nce2 Nd5 22. Rxa6 Nxb4 23. Rb1 Rcb8 24. Ra3 g6 25. Rc3 Kg7 26. Nc6 Nd5 27. Rxb7 Rxb7 28. Rc2 N7f6 29. Kg2 h6 30. Nc3 Nxc3 31. Rxc3 Rb2 32. Nd4 Rxf2+ 33. Kxf2 Ne4+ 34. Kf3 Nxc3 35. h4 Nb1 36. e4 Nd2+ 37. Ke3 Nc4+ 38. Kd3 Nd6 39. Nf3 f5 40. exf5 gxf5 41. Kd4 Kf6 42. Ne5 Nf7 43. Nd7+ Kg6 44. Ne5+ Nxe5 45. Kxe5 Kh5 0-1

[Event "Paracin op 01"]
[Site "Paracin"]
[Date "2022.01.21"]
[Round "7"]
[White "Ivic, Matija"]
[Black "Grozdanovic, Anastasia"]
[Result "1/2-1/2"]
[WhiteElo "2258"]
[BlackElo "2039"]
[PlyCount "58"]
[EventDate "2022.01.17"]
[EventType "swiss"]
[EventRounds "9"]
[EventCountry "SRB"]
[SourceTitle "CBM 206 Extra"]
[Source "ChessBase"]
[SourceDate "2022.03.31"]
[SourceVersion "1"]
[SourceVersionDate "2022.03.31"]
[SourceQuality "1"]

1. c4 c6 2. Nf3 d5 3. d4 Nf6 4. e3 e6 5. Nbd2 Be7 6. Bd3 0-0 7. 0-0 Nbd7 8. e4 dxe4 9. Nxe4 c5 10. Nxf6+ Bxf6 11. Be3 cxd4 12. Nxd4 Ne5 13. Be2 Ng6 14. c5 a6 15. b4 e5 16. Nb3 Qc7 17. Qc2 Be6 18. Rac1 Ne7 19. Na5 Nd5 20. Bd2 b6 21. cxb6 Qxb6 22. Qc6 Qd4 23. Nb3 Qh4 24. g3 Qh3 25. Bf3 Rfd8 26. Rfd1 Qf5 27. Bg2 Rdc8 28. Qa4 Rxc1 29. Rxc1 Rd8 1/2-1/2

[Event "Belgrade Trophy 35th"]
[Site "Belgrade"]
[Date "2021.11.29"]
[Round "6"]
[White "Djokic, Mihailo"]
[Black "Ivic, Matija"]
[Result "1/2-1/2"]
[WhiteElo "2274"]
[BlackElo "2223"]
[PlyCount "57"]
[EventDate "2021.11.24"]
[EventType "swiss"]
[EventRounds "9"]
[EventCountry "SRB"]
[SourceTitle "CBM 205 Extra"]
[Source "ChessBase"]
[SourceDate "2022.01.31"]
[SourceVersion "1"]
[SourceVersionDate "2022.01.31"]
[SourceQuality "1"]

1. e4 c5 2. Nf3 Nc6 3. d4 cxd4 4. Nxd4 g6 5. Nc3 Bg7 6. Be3 Nf6 7. Bc4 0-0 8. Bb3 Re8 9. 0-0 d6 10. h3 Na5 11. f4 b6 12. Qf3 Nxb3 13. axb3 Bb7 14. f5 Qd7 15. Nd5 Nxd5 16. exd5 e6 17. fxe6 fxe6 18. Nxe6 Qxe6 19. dxe6 Bxf3 20. Rxf3 Bxb2 21. Ra2 Be5 22. c4 Rxe6 23. Bxb6 Re7 24. Ra6 Rb7 25. Bf2 Rab8 26. Ra3 Bb2 27. Rxa7 Rxb3 28. Rxb3 Rxb3 29. Ra8+ 1/2-1/2

[Event "Belgrade Trophy 35th"]
[Site "Belgrade"]
[Date "2021.11.27"]
[Round "4"]
[White "Dhulipalla, Bala Chandra Prasad"]
[Black "Ivic, Matija"]
[Result "1/2-1/2"]
[WhiteElo "2429"]
[BlackElo "2223"]
[PlyCount "98"]
[EventDate "2021.11.24"]
[EventType "swiss"]
[EventRounds "9"]
[EventCountry "SRB"]
[SourceTitle "CBM 205 Extra"]
[Source "ChessBase"]
[SourceDate "2022.01.31"]
[SourceVersion "1"]
[SourceVersionDate "2022.01.31"]
[SourceQuality "1"]

1. d4 Nf6 2. c4 g6 3. g3 Bg7 4. Bg2 0-0 5. Nc3 d6 6. Nf3 c6 7. e4 e5 8. 0-0 Nbd7 9. h3 Qa5 10. d5 cxd5 11. cxd5 Nc5 12. Re1 b5 13. a3 b4 14. Be3 bxa3 15. Qc2 Qb4 16. bxa3 Qa5 17. Bf1 Bd7 18. Nd2 Rfc8 19. Nc4 Qc7 20. a4 Rab8 21. Nb5 Bxb5 22. axb5 Nfxe4 23. Na5 f5 24. Nc6 Rb7 25. Ra3 Qd7 26. Kh2 g5 27. Bg2 Rcc7 28. Bxe4 Nxe4 29. Rxa7 Rxa7 30. Bxa7 Rb7 31. b6 Nc5 32. Na5 e4 33. Nxb7 Qxb7 34. Qc4 Be5 35. Kg2 f4 36. Rxe4 Nxe4 37. Qxe4 fxg3 38. fxg3 Qa6 39. Qc2 Qa3 40. b7 Qxg3+ 41. Kf1 Qxh3+ 42. Ke2 Qg4+ 43. Kd3 Qf5+ 44. Kd2 Qf4+ 45. Ke2 Qg4+ 46. Kf2 Qg3+ 47. Kf1 Qh3+ 48. Ke2 Qg4+ 49. Kd3 Qf5+ 1/2-1/2

[Event "Belgrade Trophy 35th"]
[Site "Belgrade"]
[Date "2021.11.24"]
[Round "1"]
[White "Savic, Stevan"]
[Black "Ivic, Matija"]
[Result "0-1"]
[WhiteElo "1778"]
[BlackElo "2223"]
[PlyCount "68"]
[EventDate "2021.11.24"]
[EventType "swiss"]
[EventRounds "9"]
[EventCountry "SRB"]
[SourceTitle "CBM 205 Extra"]
[Source "ChessBase"]
[SourceDate "2022.01.31"]
[SourceVersion "1"]
[SourceVersionDate "2022.01.31"]
[SourceQuality "1"]

1. d4 Nf6 2. c4 e6 3. Nf3 d5 4. Nc3 c5 5. e3 Nc6 6. a3 cxd4 7. exd4 Be7 8. b4 0-0 9. Bb2 b6 10. cxd5 Nxd5 11. Nxd5 Qxd5 12. Rc1 Bb7 13. Bc4 Qf5 14. 0-0 Rfd8 15. Bd3 Qd5 16. Re1 Rac8 17. Be4 Qd7 18. Bxc6 Rxc6 19. Ne5 Rxc1 20. Qxc1 Qd5 21. Nf3 Rc8 22. Qe3 Qa2 23. Bc1 Rc2 24. h4 h6 25. g3 Qd5 26. Kg2 Qc6 27. Rd1 Rc3 28. d5 Qc4 29. Qe1 Bf6 30. Be3 Bxd5 31. Rxd5 Qxd5 32. a4 g5 33. hxg5 hxg5 34. Qd2 Rd3 0-1

[Event "Paracin Summer op 14th"]
[Site "Paracin"]
[Date "2021.07.09"]
[Round "1"]
[White "Suleymanli, Aydin Elshan"]
[Black "Ivic, Matija"]
[Result "1-0"]
[WhiteElo "2563"]
[BlackElo "2226"]
[PlyCount "49"]
[EventDate "2021.07.09"]
[EventType "swiss"]
[EventRounds "9"]
[EventCountry "SRB"]
[SourceTitle "CBM 203 Extra"]
[Source "ChessBase"]
[SourceDate "2021.09.30"]
[SourceVersion "1"]
[SourceVersionDate "2021.09.30"]
[SourceQuality "1"]

1. d4 Nf6 2. c4 e6 3. Nc3 Bb4 4. e3 0-0 5. Nge2 c6 6. a3 Ba5 7. b4 Bc7 8. d5 exd5 9. cxd5 Be5 10. Ra2 a5 11. b5 d6 12. dxc6 bxc6 13. f4 Bxc3+ 14. Nxc3 d5 15. a4 Re8 16. Be2 Ng4 17. Bxg4 Qh4+ 18. Rf2 Bxg4 19. Qd4 Be6 20. 0-0 Rc8 21. Bb2 f6 22. Qd1 Nd7 23. bxc6 Nb6 24. Nb5 Nc4 25. Nd4 1-0

[Event "Paracin Summer op"]
[Site "Paracin"]
[Date "2020.07.08"]
[Round "7"]
[White "Srdanovic, Jovana"]
[Black "Ivic, Matija"]
[Result "1/2-1/2"]
[WhiteElo "2070"]
[BlackElo "2225"]
[PlyCount "77"]
[EventDate "2020.07.03"]
[EventType "swiss"]
[EventRounds "9"]
[EventCountry "SRB"]
[SourceTitle "CBM 197 Extra"]
[Source "ChessBase"]
[SourceDate "2020.09.30"]
[SourceVersion "1"]
[SourceVersionDate "2020.09.30"]
[SourceQuality "1"]

1. d4 d5 2. Bf4 Nf6 3. e3 e6 4. c4 c5 5. Nc3 cxd4 6. exd4 dxc4 7. Bxc4 a6 8. Bb3 Bd6 9. Nge2 0-0 10. 0-0 b5 11. d5 Bxf4 12. Nxf4 Qd6 13. Nh5 Nxh5 14. Qxh5 exd5 15. Bxd5 Ra7 16. Be4 g6 17. Qh6 Be6 18. Rad1 Qb4 19. f4 f5 20. Bf3 Qxb2 21. Rfe1 Qxc3 22. Rxe6 Qc5+ 23. Kh1 Re7 24. Bd5 Rxe6 25. Bxe6+ Kh8 26. Bf7 Qe7 27. Bxg6 Qg7 28. Qxg7+ Kxg7 29. Bh5 Rc8 30. Bf3 Rc7 31. h3 Nd7 32. Rd6 Nc5 33. g4 fxg4 34. hxg4 a5 35. f5 b4 36. g5 Kg8 37. f6 Rc8 38. Bg4 Rb8 39. Rd5 1/2-1/2

[Event "Paracin Amateur op"]
[Site "Paracin"]
[Date "2020.02.06"]
[Round "9"]
[White "Radisavljevic, Dalibor"]
[Black "Ivic, Matija"]
[Result "1/2-1/2"]
[WhiteElo "2162"]
[BlackElo "2192"]
[PlyCount "25"]
[EventDate "2020.01.31"]
[EventType "swiss"]
[EventRounds "9"]
[EventCountry "SRB"]
[SourceTitle "CBM 194 Extra"]
[Source "ChessBase"]
[SourceDate "2020.03.31"]
[SourceVersion "1"]
[SourceVersionDate "2020.03.31"]
[SourceQuality "1"]

1. e4 e6 2. d4 d5 3. Nd2 c5 4. Ngf3 cxd4 5. exd5 Qxd5 6. Bc4 Qd7 7. 0-0 Nc6 8. Nb3 a6 9. Nbxd4 Nxd4 10. Nxd4 b5 11. Bb3 Bb7 12. Re1 Nf6 13. Bg5 1/2-1/2

[Event "Paracin Amateur op"]
[Site "Paracin"]
[Date "2020.01.31"]
[Round "1"]
[White "Rajkovic, Slobodan"]
[Black "Ivic, Matija"]
[Result "0-1"]
[WhiteElo "1732"]
[BlackElo "2192"]
[PlyCount "66"]
[EventDate "2020.01.31"]
[EventType "swiss"]
[EventRounds "9"]
[EventCountry "SRB"]
[SourceTitle "CBM 194 Extra"]
[Source "ChessBase"]
[SourceDate "2020.03.31"]
[SourceVersion "1"]
[SourceVersionDate "2020.03.31"]
[SourceQuality "1"]

1. Nf3 Nf6 2. g3 d5 3. Bg2 c5 4. d4 cxd4 5. Nxd4 e5 6. Nf3 Nc6 7. 0-0 Be7 8. Bg5 h6 9. Bxf6 Bxf6 10. c3 0-0 11. Qc2 Be6 12. Nbd2 Rc8 13. a3 e4 14. Ne1 Qb6 15. e3 Na5 16. Rb1 Bd7 17. a4 Nc4 18. Nxc4 Rxc4 19. Ra1 Qa5 20. f3 Rxa4 21. Rxa4 Bxa4 22. b3 Bc6 23. fxe4 Qxc3 24. Qxc3 Bxc3 25. exd5 Bb5 26. e4 Bxf1 27. Kxf1 Bxe1 28. Kxe1 f6 29. Kd2 Rc8 30. Ke3 Kf7 31. Kd4 Ke7 32. h4 Kd6 33. b4 a6 0-1

[Event "SRB-chT 2nd League East"]
[Site "Knic"]
[Date "2019.09.06"]
[Round "1.3"]
[White "Ivic, Matija"]
[Black "Cvetanovic, Uros"]
[Result "1/2-1/2"]
[WhiteElo "2173"]
[BlackElo "2272"]
[PlyCount "66"]
[EventDate "2019.09.06"]
[EventType "team-tourn"]
[EventRounds "11"]
[EventCountry "SRB"]
[SourceTitle "EXT 2020"]
[Source "ChessBase"]
[SourceDate "2019.10.17"]
[SourceVersion "1"]
[SourceVersionDate "2019.10.17"]
[SourceQuality "1"]
[WhiteTeam "Jagodina Kablovi"]
[BlackTeam "Paracin"]
[WhiteTeamCountry "SRB"]
[BlackTeamCountry "SRB"]

1. Nf3 f5 2. g3 Nf6 3. Bg2 g6 4. 0-0 Bg7 5. c4 0-0 6. Nc3 c6 7. d4 d6 8. Re1 Ne4 9. Qd3 Nxc3 10. bxc3 e5 11. e4 fxe4 12. Qxe4 d5 13. cxd5 cxd5 14. Qh4 e4 15. Qxd8 Rxd8 16. Ne5 Nc6 17. Nxc6 bxc6 18. f3 exf3 19. Bxf3 Bf5 20. Bf4 Re8 21. Kf2 h5 22. a4 Kf7 23. Rxe8 Rxe8 24. Ra2 Bf6 25. Rb2 Bd8 26. Rb7+ Re7 27. Rxe7+ Kxe7 28. Bg5+ Kd7 29. Bxd8 Kxd8 30. Ke3 a5 31. Bd1 Ke7 32. Kf4 Kf6 33. h4 Be4 1/2-1/2

[Event "Paracin (Women) 2nd"]
[Site "Paracin"]
[Date "2019.07.19"]
[Round "9"]
[White "Ivic, Matija"]
[Black "Eswaran, Aksithi"]
[Result "0-1"]
[WhiteElo "2294"]
[BlackElo "1741"]
[PlyCount "88"]
[EventDate "2019.07.13"]
[EventType "tourn"]
[EventRounds "9"]
[EventCountry "SRB"]
[SourceTitle "CBM 191 Extra"]
[Source "ChessBase"]
[SourceDate "2019.09.30"]
[SourceVersion "1"]
[SourceVersionDate "2019.09.30"]
[SourceQuality "1"]

1. Nf3 d5 2. c4 dxc4 3. e3 Nf6 4. Bxc4 e6 5. 0-0 Be7 6. d4 0-0 7. Qe2 c5 8. Rd1 Qc7 9. Nc3 a6 10. dxc5 Bxc5 11. b3 b5 12. Bd3 Bb7 13. Bb2 Qe7 14. e4 Nbd7 15. e5 Ng4 16. Rf1 Bxf3 17. gxf3 Ngxe5 18. Bc2 Ng6 19. Kh1 Nf6 20. Rae1 Rfd8 21. Ne4 Nxe4 22. fxe4 e5 23. Rd1 Rac8 24. Bb1 Rc6 25. Qg4 Rcd6 26. Rc1 Rd2 27. Bc3 Rxf2 28. Ba5 Rxf1+ 29. Rxf1 Rf8 30. Rd1 Bd4 31. Rc1 Qa3 32. Bd2 Qd6 33. a4 b4 34. Rc8 a5 35. h4 Qa6 36. Rxf8+ Nxf8 37. Qf3 Ne6 38. Bd3 Qd6 39. Bc4 Bc5 40. Bc1 Qd4 41. Qg4 h5 42. Qg3 Qxe4+ 43. Qg2 Qxh4+ 44. Qh2 Qe1+ 0-1

[Event "Nis op"]
[Site "Nis"]
[Date "2019.06.27"]
[Round "3"]
[White "Harisurya, Bharadwaj Gundepudi"]
[Black "Ivic, Matija"]
[Result "1/2-1/2"]
[WhiteElo "1807"]
[BlackElo "2294"]
[PlyCount "35"]
[EventDate "2019.06.25"]
[EventType "swiss"]
[EventRounds "9"]
[EventCountry "SRB"]
[SourceTitle "EXT 2020"]
[Source "ChessBase"]
[SourceDate "2019.10.17"]
[SourceVersion "1"]
[SourceVersionDate "2019.10.17"]
[SourceQuality "1"]

1. Nc3 e5 2. Nf3 Nc6 3. d4 exd4 4. Nxd4 Nxd4 5. Qxd4 Qf6 6. Be3 c6 7. 0-0-0 d5 8. h3 Qg6 9. g4 Be7 10. Bg2 Nf6 11. Bf4 0-0 12. Rhe1 Be6 13. e4 dxe4 14. Bxe4 Nxe4 15. Qxe4 Qxe4 16. Rxe4 Rad8 17. Rde1 Bf6 18. Be5 1/2-1/2

[Event "Nis op"]
[Site "Nis"]
[Date "2019.06.25"]
[Round "1"]
[White "Todev, Simeon"]
[Black "Ivic, Matija"]
[Result "0-1"]
[WhiteElo "1941"]
[BlackElo "2294"]
[PlyCount "58"]
[EventDate "2019.06.25"]
[EventType "swiss"]
[EventRounds "9"]
[EventCountry "SRB"]
[SourceTitle "EXT 2020"]
[Source "ChessBase"]
[SourceDate "2019.10.17"]
[SourceVersion "1"]
[SourceVersionDate "2019.10.17"]
[SourceQuality "1"]

1. d4 Nf6 2. c4 e6 3. Nc3 Bb4 4. a3 Bxc3+ 5. bxc3 c5 6. dxc5 Qa5 7. Qd4 Nc6 8. Qe3 Ne4 9. Qxe4 Qxc3+ 10. Kd1 Qxa1 11. Nf3 Qc3 12. e3 Qa5 13. Bb2 0-0 14. h4 Qxc5 15. Ng5 f5 16. Qf3 h6 17. Nh3 b6 18. g4 Bb7 19. gxf5 Rxf5 20. Qg3 e5 21. Rg1 Rf7 22. Bd3 d5 23. cxd5 Qxd5 24. Qg6 Rd8 25. Qh7+ Kf8 26. Kc2 Na5 27. Bg6 Qb3+ 28. Kc1 Nc4 29. Qh8+ Ke7 0-1

[Event "Vojvodina-chT 2nd League"]
[Site "Novi Sad"]
[Date "2018.11.13"]
[Round "7.1"]
[White "Ivic, Matija"]
[Black "Popov, Sinisa S"]
[Result "0-1"]
[WhiteElo "2291"]
[BlackElo "2432"]
[PlyCount "54"]
[EventDate "2018.11.09"]
[EventType "team-tourn"]
[EventRounds "11"]
[EventCountry "SRB"]
[SourceTitle "CBM 187 Extra"]
[Source "ChessBase"]
[SourceDate "2018.11.04"]
[SourceVersion "1"]
[SourceVersionDate "2018.11.04"]
[SourceQuality "1"]
[WhiteTeam "Backa Pacir"]
[BlackTeam "Elemir Naftagas"]
[WhiteTeamCountry "SRB"]
[BlackTeamCountry "SRB"]

1. d4 Nf6 2. Nf3 e6 3. c4 Bb4+ 4. Nbd2 d5 5. e3 0-0 6. Bd3 b6 7. 0-0 Bb7 8. cxd5 exd5 9. Qc2 Bd6 10. Ne5 c5 11. b3 Na6 12. a3 cxd4 13. exd4 Rc8 14. Qb1 Nc5 15. Bf5 Rc7 16. Nxf7 Rcxf7 17. dxc5 bxc5 18. Be6 Bxh2+ 19. Kh1 Bc8 20. Bxf7+ Rxf7 21. Nf3 Ng4 22. Bg5 Qd6 23. Qe1 Bd7 24. Qe2 h6 25. Bd2 d4 26. Rae1 Qg6 27. Qe4 Qh5 0-1